Statistics for Brzo tipkanje 1 do 100

Click here to take the quiz!

General Stats

  • This quiz has been taken 3 785 times
  • The average score is 60 of 100

Answer Stats

#% Correct
1
100%
2
100%
3
99%
4
99%
5
98%
6
98%
8
98%
7
97%
9
97%
10
94%
11
94%
12
94%
13
92%
14
92%
15
91%
16
91%
17
90%
18
90%
19
89%
22
88%
23
88%
20
87%
21
87%
24
85%
25
85%
26
84%
27
84%
28
83%
29
83%
30
82%
33
82%
31
81%
32
81%
34
81%
35
78%
36
78%
37
78%
38
77%
39
76%
40
75%
41
73%
44
73%
42
71%
43
71%
45
71%
46
68%
47
67%
48
66%
49
64%
50
63%
51
60%
52
59%
55
59%
53
58%
54
57%
56
56%
57
53%
58
52%
59
50%
60
49%
61
46%
62
46%
66
46%
63
45%
64
43%
65
43%
67
41%
72
38%
68
37%
69
37%
70
37%
71
36%
77
36%
73
35%
74
34%
75
31%
76
31%
78
30%
80
28%
88
28%
79
27%
81
27%
82
27%
83
26%
84
25%
99
25%
85
24%
90
24%
87
23%
86
22%
89
22%
91
22%
92
22%
100
21%
93
21%
94
21%
95
20%
96
19%
98
19%
97
18%

Score Distribution

Percentile by Number Answered

Percent of People with Each Score

Your Score History

You have not taken this quiz